Most Densely Populated Large Countries - with Exceptions - Statistics

General Stats
  • This quiz has been taken 20 times
  • The average score is 7 of 8
Answer Stats
Density (Imperial) Country Continent Density (Metric) % Correct
614 Nigeria Africa 237
94%
720 United Kingdom Europe 278
94%
989 Belgium Europe 382
89%
1,088 Netherlands Europe 420
89%
603 Germany Europe 233
78%
1,080 Haiti North America 417
78%
1,355 Rwanda Africa 523
78%
1,199 Burundi Africa 463
67%
No matching quizzes found
Score Distribution
Percent of People with Each Score
Percentile by Number Answered
Your Score History
You have not taken this quiz